Estudio de los procesos electroliticos.

সংরক্ষণ করুন:
গ্রন্থ-পঞ্জীর বিবরন
প্রধান লেখক: Dixon Blandford, Quebert
বিন্যাস: গবেষণাপত্র গ্রন্থ
ভাষা:Undetermined
প্রকাশিত: 1985
বিষয়গুলি:
ট্যাগগুলো: ট্যাগ যুক্ত করুন
কোনো ট্যাগ নেই, প্রথমজন হিসাবে ট্যাগ করুন!

MARC

LEADER 00000nam a2200000Ia 4500
001 4295
008 140114s9999 xx 000 0 und d
100 |a Dixon Blandford, Quebert 
245 |a Estudio de los procesos electroliticos. 
260 |c 1985 
500 |a NULL 
502 |a Escuela de ingenieria Electrica 
650 |z PROCESOS ELECTROLITICOS. 
999 |c 11776  |d 11776